00471nam a2200193Ia 4500003000900000008004100009040001300050040001300063041000800076100001600084100000700100245011400107250000900221260001100230260000900241300001100250300001000261490000600271IT-RoPAU120407s9999 xx 000 0 und d aIT-RoPAU cIT-RoPAU aita aMario Vanti cp. aS. Giacomo degli incurabili di Roma nel Cinquecento. Dalle Compagnie del Divino Amore a S. Camillo de Lellis. aRoma aPustet c1938 a147 p. c24 cm v1